| 000 | 00985nam a2200253 i 4500 | ||
|---|---|---|---|
| 001 | 169143 | ||
| 003 | ES-MaACL | ||
| 005 | 20250902233321.0 | ||
| 008 | 080819s2006 sp a |||| | spa d | ||
| 080 | _a626/627 | ||
| 080 | _a330.15:556(100) | ||
| 245 | 0 | 3 |
_aLa ingeniería y la gestión del agua a través de los tiempos _b: aprendiendo de la historia / _c[Enrique Cabrera Marcet, ed.]. |
| 250 | _a1ª ed. | ||
| 260 |
_aValencia : _bInstituto Tecnológico del Agua, Universidad Politécnica de Valencia, _c2006. |
||
| 300 |
_a[386] p. : _bil. ; _c30 cm. |
||
| 504 | _aReferencias bibliográficas. | ||
| 546 | _aAlgunos capítulos en inglés. | ||
| 650 | 4 |
_aAgua- _xAbastecimiento. _99692 |
|
| 650 | 7 |
_aIngeniería hidráulica _2embne _9136287 |
|
| 700 | 1 |
_aCabrera Marcet, Enrique. _9138205 |
|
| 710 | 2 |
_aUniversidad Politécnica de Valencia. _bInstituto Tecnológico del Agua. _9138209 |
|
| 852 |
_aES-MaACL _jL-29576 _z- Enc. canutillo (Wiro) |
||
| 999 |
_c169143 _d169143 |
||